Physical testing of textiles / (Record no. 3714)

000 -LEADER
fixed length control field nam a22 7a 4500
005 - DATE AND TIME OF LATEST TRANSACTION
control field 20170523154929.0
008 - FIXED-LENGTH DATA ELEMENTS--GENERAL INFORMATION
fixed length control field 170523b1999 flu||||| |||| 00| 0 eng d
020 ## - INTERNATIONAL STANDARD BOOK NUMBER
International Standard Book Number 0849305683 (CRC)
020 ## - INTERNATIONAL STANDARD BOOK NUMBER
International Standard Book Number 1855733676 (Woodhead)
040 ## - CATALOGING SOURCE
Original cataloging agency AKMAL
082 ## - DEWEY DECIMAL CLASSIFICATION NUMBER
Classification number 677.028 SAV
090 ## - LOCALLY ASSIGNED LC-TYPE CALL NUMBER (OCLC); LOCAL CALL NUMBER (RLIN)
Classification number (OCLC) (R) ; Classification number, CALL (RLIN) (NR) 677.028
Local cutter number (OCLC) ; Book number/undivided call number, CALL (RLIN) SAV
100 1# - MAIN ENTRY--PERSONAL NAME
Personal name Saville, B. P.
9 (RLIN) 7335
245 10 - TITLE STATEMENT
Title Physical testing of textiles /
Statement of responsibility, etc. B.P. Saville
260 ## - PUBLICATION, DISTRIBUTION, ETC.
Place of publication, distribution, etc. Cambridge, England :
-- Boca Raton, Fla. :
Name of publisher, distributor, etc. Woodhead Publishing, Ltd, in association with the Textile Institute ;
-- in North and South America by CRC Press ;
Date of publication, distribution, etc. 1999
300 ## - PHYSICAL DESCRIPTION
Extent xv, 310 p. :
Other physical details ill. ;
Dimensions 24 cm
504 ## - BIBLIOGRAPHY, ETC. NOTE
Bibliography, etc. note Includes bibliographical references and index.
650 #0 - SUBJECT ADDED ENTRY--TOPICAL TERM
Topical term or geographic name entry element Textile fabrics
General subdivision Testing
9 (RLIN) 7336
710 2# - ADDED ENTRY--CORPORATE NAME
Corporate name or jurisdiction name as entry element Textile Institute (Manchester, England)
9 (RLIN) 7337
942 ## - ADDED ENTRY ELEMENTS (KOHA)
Source of classification or shelving scheme
Koha item type Book
Holdings
Withdrawn status Lost status Source of classification or shelving scheme Damaged status Not for loan Collection code Home library Current library Shelving location Date acquired Inventory number Total Checkouts Full call number Barcode Date last seen Price effective from Koha item type
          NON-FICTION AKMAL Melaka AKMAL Melaka PINJAMAN 23.05.2017 602085   677.028 SAV 201704712 23.05.2017 23.05.2017 Book
          NON-FICTION AKMAL Melaka AKMAL Melaka PINJAMAN 23.05.2017 602022   677.028 SAV 201704718 23.05.2017 23.05.2017 Book
Pusat Sumber Maklumat Dato' Haji Sarmin Md Hussin, Akademi Kastam Diraja Malaysia, Melaka
Tel: 06-2331106 | Faks: 06-2313787